Teams der Fußball-WM 2026 - Statistiken

Allgemein
  • Dieses Quiz wurde 128 mal gespielt
    14 seit der letzten Aktualisierung
  • Das Durchschnittsergebnis liegt bei 42 aus 48
Antwortstatistiken
Team % Korrekt
Argentinien
100%
Australien
100%
Belgien
100%
Bosnien und Herzegowina
100%
Brasilien
100%
Ecuador
100%
Elfenbeinküste
100%
England
100%
Japan
100%
Kanada
100%
Kolumbien
100%
Mexiko
100%
Niederlande
100%
Norwegen
100%
Österreich
100%
Vereinigte Staaten
100%
Ägypten
90%
Algerien
90%
Deutschland
90%
Frankreich
90%
Neuseeland
90%
Paraguay
90%
Saudi-Arabien
90%
Schottland
90%
Schweden
90%
Schweiz
90%
Senegal
90%
Spanien
90%
Tschechien
90%
Türkei
90%
Uruguay
90%
Curaçao
80%
D.R. Kongo
80%
Irak
80%
Iran
80%
Jordanien
80%
Portugal
80%
Südkorea
80%
Usbekistan
80%
Ghana
70%
Katar
70%
Kroatien
70%
Marokko
70%
Panama
70%
Haiti
60%
Südafrika
60%
Kap Verde
50%
Tunesien
40%
Keine übereinstimmenden Quizze gefunden
Verteilung der Resultate
Anzahl Personen mit jedem Resultat
Perzentil nach korrekt beantworteten Fragen
Ihre Resultats-Entwicklung
Sie haben dieses Quiz seit der letzten Aktualisierung nicht gespielt